UK Number 1 Singles of the 1990's - Statistics

General Stats
  • This quiz has been taken 1,805 times
  • The average score is 112 of 206
Answer Stats
Hint Answer % Correct
1991 Don't Let the Sun Go Down On Me George Michael & Elton John
94%
1990 Vogue Madonna
93%
1998 Frozen Madonna
93%
1996 Wannabe Spice Girls
93%
1996 Say You'll Be There Spice Girls
93%
1996 2 Become 1 Spice Girls
93%
1997 Mama Spice Girls
93%
1997 Spice Up Your Life Spice Girls
93%
1997 Too Much Spice Girls
93%
1998 Viva Forever Spice Girls
93%
1998 Goodbye Spice Girls
93%
1993 Five Live George Michael & Queen with Lisa Stansfield
92%
1991 Innuendo Queen
91%
1991 Bohemian Rhapsody Queen
91%
1990 Sacrifice Elton John
90%
1997 Candle in the Wind 1997 Elton John
90%
1991 Black or White Michael Jackson
90%
1995 You Are Not Alone Michael Jackson
90%
1995 Earth Song Michael Jackson
90%
1997 Blood on the Dance Floor Michael Jackson
90%
1990 Ice Ice Baby Vanilla Ice
88%
1995 Some Might Say Oasis
87%
1996 Don't Look Back in Anger Oasis
87%
1997 D'You Know What I Mean Oasis
87%
1998 All Around the World Oasis
87%
1990 Nothing Compares 2 U Sinead O'Connor
87%
1992 I Will Always Love You Whitney Houston
84%
1995 Think Twice Celine Dion
83%
1998 My Heart Will Go On Celine Dion
83%
1995 Love Can Build a Bridge Cher, Chrissie Hynde & Neneh Cherry with Eric Claption
82%
1991 (Everything I Do) I Do It For You Bryan Adams
81%
1991 The Shoop Shoop Song Cher
81%
1998 Believe Cher
81%
1993 Pray Take That
81%
1993 Babe Take That
81%
1994 Everything Changes Take That
81%
1994 Sure Take That
81%
1995 Back for Good Take That
81%
1995 Never Forget Take That
81%
1996 How Deep is Your Love Take That
81%
1993 Relight My Fire Take That featuring Lulu
81%
1996 Jesus to a Child George Michael
80%
1996 Fastlove George Michael
80%
1999 Baby One More Time Britney Spears
79%
1997 Men in Black Will Smith
78%
1997 Barbie Girl Aqua
77%
1998 Doctor Jones Aqua
77%
1998 Turn Back Time Aqua
77%
1993 I'd Do Anything For Love (But I Won't Do That) Meatloaf
77%
1999 Livin' La Vida Loca Ricky Martin
77%
1995 Gangsta's Paradise Coolio featuring L.V.
75%
1995 Country House Blur
74%
1997 Beetlebum Blur
74%
1997 MMMBop Hanson
73%
1998 Millennium Robbie Williams
72%
1999 She's the One Robbie Williams
72%
1996 Killing Me Softly The Fugees
71%
1996 Ready or Not The Fugees
71%
1993 Oh Carolina Shaggy
70%
1995 Boombastic Shaggy
70%
1997 Don't Speak No Doubt
68%
1997 I Believe I Can Fly R. Kelly
68%
1999 I Want it That Way Backstreet Boys
67%
1991 Should I Stay or Should I Go? The Clash
67%
1996 Words Boyzone
66%
1996 A Different Beat Boyzone
66%
1998 All That I Need Boyzone
66%
1998 No Matter What Boyzone
66%
1999 When the Going Gets Tough Boyzone
66%
1999 You Needed Me Boyzone
66%
1999 Genie in a Bottle Christina Aguilera
64%
1996 Firestarter The Prodigy
64%
1996 Breathe The Prodigy
64%
1999 Swear it Again Westlife
64%
1999 If I Let You Go Westlife
64%
1999 Flying Without Wings Westlife
64%
1999 I Have a Dream Westlife
64%
1990 Saviour's Day Cliff Richard
63%
1999 The Millennium Prayer Cliff Richard
63%
1992 Goodnight Girl Wet Wet Wet
63%
1994 Love is All Around Wet Wet Wet
63%
1991 The Fly U2
62%
1997 Discotheque U2
62%
1994 Stay Another Day East 17
61%
1996 Three Lions Baddiel, Skinner & The Lightning Seeds
60%
1998 3 Lions 98 Baddiel, Skinner & The Lightning Seeds
60%
1991 Do the Bartman The Simpsons
60%
1997 The Drugs Don't Work The Verve
60%
1993 All That She Wants Ace of Base
59%
1999 Praise You Fatboy Slim
59%
1993 Mr Blobby Mr Blobby
59%
1998 Never Ever All Saints
56%
1998 Under the Bridge All Saints
56%
1998 Bootie Call All Saints
56%
1990 Hangin' Tough New Kids on the Block
56%
1995 Unchained Melody Robson & Jerome
55%
1995 I Believe Robson & Jerome
55%
1996 What Becomes of the Broken Hearted Robson & Jerome
55%
1999 Boom Boom Boom Boom Vengaboys
54%
1999 We're Going to Ibiza Vengaboys
54%
1998 C'Est La Vie B*Witched
53%
1998 Rollercoaster B*Witched
53%
1998 To You I Belong B*Witched
53%
1999 Blame it on the Weatherman B*Witched
53%
1990 Tears on My Pillow Kylie Minogue
53%
1999 Mambo No 5 Lou Bega
53%
1999 When You Say Nothing At All Ronan Keating
53%
1990 The Power Snap!
53%
1992 Rhythm is a Dancer Snap!
53%
1990 World in Motion England New Order
52%
1991 Any Dream Will Do Jason Donovan
52%
1992 Deeply Dippy Right Said Fred
52%
1991 The One and Only Chesney Hawkes
51%
1996 Ooh Aah...Just A Little Bit Gina G
51%
1997 I'll Be Missing You Puff Daddy & Faith Evans featuring 112
51%
1995 Fairground Simply Red
51%
1994 Things Can Only Get Better D:Ream
50%
1998 If You Tolerate This Your Children Will Be Next Manic Street Preachers
50%
1994 The Most Beautiful Girl in the World The Artist Formerly Known as Prince
50%
1993 (I Can't Help) Falling in Love With You UB40
49%
1994 Saturday Night Whigfield
49%
1991 Bring Your Daughter...to the Slaughter Iron Maiden
48%
1990 Unchained Melody The Righteous Brothers
48%
1994 Without You Mariah Carey
47%
1995 Cotton Eye Joe Rednex
47%
1999 Maria Blondie
46%
1998 Brimful of Asha Cornershop
46%
1993 No Limit 2 Unlimited
45%
1998 Because We Want To Billie
45%
1998 Girlfriend Billie
45%
1999 Chocolate Salty Balls Chef
45%
1993 Dreams Gabrielle
45%
1996 Breakfast at Tiffany's Deep Blue Something
44%
1996 Return of the Mack Mark Morrison
44%
1999 Bring it all Back S Club 7
44%
1999 Pretty Fly (For a White Guy) The Offspring
43%
1990 Killer Adamski featuring Seal
41%
1998 It's Like That Run DMC vs Jason Nevins
41%
1990 The Joker The Steve Miller Band
40%
1999 Keep on Movin' Five
39%
1997 Say Eh-Oh! Teletubbies
39%
1999 Blue (Da Ba Dee) Eiffel 65
38%
1994 Come on You Reds Manchester United Football Squad
38%
1996 Setting Sun The Chemical Brothers
38%
1997 Block Rockin' Beats The Chemical Brothers
38%
1992 Ebeneezer Goode The Shamen
38%
1999 Mi Chico Latino Geri Halliwell
37%
1999 Lift Me Up Geri Halliwell
37%
1990 A Little TIme The Beautiful South
37%
1991 Dizzy Vic Reeves & The Wonder Stuff
37%
1992 Would I Lie to You Charles and Eddie
36%
1993 Boom! Shake the Room DJ Jazzy Jeff & The Fresh Prince
36%
1997 I Wanna Be the Only One Eternal featuring BeBe Winans
36%
1992 End of the Road Boyz II Men
35%
1993 Living on My Own Freddie Mercury
35%
1992 Sleeping Satellite Tasmin Archer
34%
1998 Deeper Underground Jamiroquai
33%
1999 Fly Away Lenny Kravitz
33%
1991 3am Eternal The KLF featuring The Children of the Revolution
32%
1992 Abba-esque Erasure
31%
1990 Show Me Heaven Maria McKee
31%
1993 Young at Heart The Bluebells
31%
1997 Professional Widow Tori Amos
31%
1996 Spaceman Babylon Zoo
30%
1992 Ain't No Doubt Jimmy Nail
30%
1996 Flava Peter Andre
30%
1996 I Feel You Peter Andre
30%
1992 Stay Shakespears Sister
30%
1999 Perfect Moment Martine McCutcheon
29%
1999 Heartbeat Steps
29%
1994 Doop Doop
28%
1993 Mr Vain Culture Beat
27%
1995 Don't Stop (Wiggle Wiggle) Outhere Brothers
27%
1995 Boom Boom Boom Outhere Brothers
27%
1990 Dub Be Good To Me Beats International
26%
1991 I Wanna Sex You Up Color Me Badd
26%
1996 Knockin' on Heaven's Door Dunblane
26%
1997 You're Not Alone Olive
26%
1998 You Make Me Wanna Usher
26%
1991 Sadeness (Part I) Enigma
25%
1997 Your Woman White Town
25%
1994 Let Me Be Your Fantasy Baby D
24%
1996 Forever Love Gary Barlow
24%
1997 Love Won't Wait Gary Barlow
24%
1991 The Stonk Hale & Pace
24%
1997 Perfect Day Various Artists
24%
1994 Baby Come Back Pato Banton
23%
1998 Freak Me Another Level
22%
1999 9PM (Till I Come) ATB
22%
1999 Flat Beat Mr Oizo
21%
1994 Inside Stiltskin
20%
1999 Everybody's Free (To Wear Sunscreen) Baz Luhrmann
19%
1995 Dreamer Livin' Joy
17%
1990 Itsy Bitsy Teenie Weeny Yellow Polka Dot Bikini Bombalurina
16%
1994 Twist and Shout Chaka Demus & Pliers
16%
1992 Please Don't Go KWS
16%
1998 I Want You Back Melanie B featuring Missy Elliott
16%
1999 Sweet Like Chocolate Shanks & Bigfoot
16%
1999 King of My Castle Wamdue Project
16%
1990 Turtle Power Partners in Kryme
15%
1999 A Little Bit More 911
13%
1998 Feel It The Tamperer featuring Maya
13%
1999 U Don't Know Me Armand Van Helden
12%
1994 The Real Thing Toni Di Bart
11%
1997 Ain't Nobody LL Cool J
10%
1998 Gym and Tonic Spacedust
7%
No matching quizzes found
Score Distribution
Percent of People with Each Score
Percentile by Number Answered
Your Score History
You have not taken this quiz